000 00715nam a2200289Ia 4500
005 20260324150248.0
008 008 260324s9999 xx 000 0 eng d
020 _a9781003543947
037 _aEBOOK
040 _aCRL
040 _beng
040 _cCRL
041 _2eng
041 _aeng
084 _qCRL
100 _aH. C. Robbins Landon
_91225820
245 0 _aStudies in Eighteenth-Century Music
245 2 _bA Tribute to Karl Geiringer on his Seventieth Birthday
260 _bTaylor and Francis
260 _c1970
365 _a
365 _b135
856 _uhttp://www.taylorfrancis.com/books/9781003543947
942 _cEBOOK
999 _c1834960
_d1834960